| 000 | 01395 a2200169 4500 | ||
|---|---|---|---|
| 003 | NUST | ||
| 005 | 20230725113527.0 | ||
| 040 | _cNust | ||
| 082 | _a621.3813,MOD | ||
| 245 |
_aProceedings of the symposium on modern advances in microwave techinques: _bVolume IV / _cEdited by Jerome Fox |
||
| 260 |
_aBrooklyn, N.Y. _bDistributors, Halsted Press _c1959 |
||
| 300 |
_axv,482 p.; _billus _c23 cm |
||
| 505 | _aHistorical Notes on Microwave (Page-1), Some Advance in Microwave Tubes (Page-25), New Advance in Guided Propagation (Page-59), Traveling Wave Tubes and Backward Wave Tubes (Page-83), Development in Broadband and High Power (Page-123), New Magnetron Principles (Page-133), Millimeter Tubes (Page-145), Problems of Producing Low Noise Electron (Page-159), Principles of Gyrator Networks (Page-175), Experiment on the Microwave Faraday and Cotton Mouton Effect (Page-205), Propagation of Fields Through Ferrite Loaded Guides (Page-215), Fundamental Design Principles of Ferrite Devices (Page-229), Principles of Directional Coupling in Reciprocal Systems (Page-251), Network Methods in Microwave Measurements (Page-271), A Comparison of Microwave Power Measurement (Page-309), Measurements Technique for Multimode (Page-325), Measurements Techniques at Millimeters (Page-355). | ||
| 600 |
_aFox Jerome _9103415 |
||
| 650 | _aTelecommunication Engineering | ||
| 942 |
_2ddc _cBK _k621.3813,MOD |
||
| 999 |
_c181854 _d181854 |
||